<?xml version="1.0" encoding="UTF-8"?>
<collection xmlns="http://www.loc.gov/MARC21/slim">
 <record>
  <leader>04447cam a2200769   4500</leader>
  <controlfield tag="001">34815335X</controlfield>
  <controlfield tag="003">DE-627</controlfield>
  <controlfield tag="005">20240803193840.0</controlfield>
  <controlfield tag="007">tu</controlfield>
  <controlfield tag="008">020522s2002    gw |||||      00| ||ger c</controlfield>
  <datafield tag="015" ind1=" " ind2=" ">
   <subfield code="a">02,N23,0595</subfield>
   <subfield code="2">dnb</subfield>
  </datafield>
  <datafield tag="015" ind1=" " ind2=" ">
   <subfield code="a">02,A37,1059</subfield>
   <subfield code="2">dnb</subfield>
  </datafield>
  <datafield tag="016" ind1="7" ind2=" ">
   <subfield code="a">964391406</subfield>
   <subfield code="2">DE-101</subfield>
  </datafield>
  <datafield tag="020" ind1=" " ind2=" ">
   <subfield code="a">305003694X</subfield>
   <subfield code="9">3-05-003694-X</subfield>
  </datafield>
  <datafield tag="035" ind1=" " ind2=" ">
   <subfield code="a">(DE-627)34815335X</subfield>
  </datafield>
  <datafield tag="035" ind1=" " ind2=" ">
   <subfield code="a">(DE-576)09847667X</subfield>
  </datafield>
  <datafield tag="035" ind1=" " ind2=" ">
   <subfield code="a">(DE-599)DNB964391406</subfield>
  </datafield>
  <datafield tag="035" ind1=" " ind2=" ">
   <subfield code="a">(OCoLC)248631619</subfield>
  </datafield>
  <datafield tag="035" ind1=" " ind2=" ">
   <subfield code="a">(OCoLC)314235963</subfield>
  </datafield>
  <datafield tag="040" ind1=" " ind2=" ">
   <subfield code="a">DE-627</subfield>
   <subfield code="b">ger</subfield>
   <subfield code="c">DE-627</subfield>
   <subfield code="e">rakwb</subfield>
  </datafield>
  <datafield tag="041" ind1=" " ind2=" ">
   <subfield code="a">ger</subfield>
  </datafield>
  <datafield tag="044" ind1=" " ind2=" ">
   <subfield code="c">XA-DE</subfield>
  </datafield>
  <datafield tag="084" ind1=" " ind2=" ">
   <subfield code="a">46</subfield>
   <subfield code="a">64</subfield>
   <subfield code="2">sdnb</subfield>
  </datafield>
  <datafield tag="084" ind1=" " ind2=" ">
   <subfield code="a">9,10</subfield>
   <subfield code="2">ssgn</subfield>
  </datafield>
  <datafield tag="084" ind1=" " ind2=" ">
   <subfield code="a">9,10</subfield>
   <subfield code="a">9,11</subfield>
   <subfield code="2">ssgn</subfield>
  </datafield>
  <datafield tag="084" ind1=" " ind2=" ">
   <subfield code="a">LH 64900</subfield>
   <subfield code="2">rvk</subfield>
   <subfield code="0">(DE-625)rvk/94513:</subfield>
  </datafield>
  <datafield tag="084" ind1=" " ind2=" ">
   <subfield code="a">LH 65020</subfield>
   <subfield code="2">rvk</subfield>
   <subfield code="0">(DE-625)rvk/94519:</subfield>
  </datafield>
  <datafield tag="084" ind1=" " ind2=" ">
   <subfield code="a">LH 61340</subfield>
   <subfield code="2">rvk</subfield>
   <subfield code="0">(DE-625)rvk/94227:</subfield>
  </datafield>
  <datafield tag="084" ind1=" " ind2=" ">
   <subfield code="a">20.03</subfield>
   <subfield code="2">bkl</subfield>
  </datafield>
  <datafield tag="084" ind1=" " ind2=" ">
   <subfield code="a">20.06</subfield>
   <subfield code="2">bkl</subfield>
  </datafield>
  <datafield tag="245" ind1="1" ind2="0">
   <subfield code="a">Material in Kunst und Alltag</subfield>
   <subfield code="c">hrsg. von Monika Wagner und Dietmar Rübel</subfield>
  </datafield>
  <datafield tag="246" ind1="3" ind2="3">
   <subfield code="a">Material</subfield>
  </datafield>
  <datafield tag="264" ind1=" " ind2="1">
   <subfield code="a">Berlin</subfield>
   <subfield code="b">Akad.-Verl.</subfield>
   <subfield code="c">2002</subfield>
  </datafield>
  <datafield tag="300" ind1=" " ind2=" ">
   <subfield code="a">IX, 223 S.</subfield>
   <subfield code="b">zahlr. Ill., graph. Darst.</subfield>
  </datafield>
  <datafield tag="336" ind1=" " ind2=" ">
   <subfield code="a">Text</subfield>
   <subfield code="b">txt</subfield>
   <subfield code="2">rdacontent</subfield>
  </datafield>
  <datafield tag="337" ind1=" " ind2=" ">
   <subfield code="a">ohne Hilfsmittel zu benutzen</subfield>
   <subfield code="b">n</subfield>
   <subfield code="2">rdamedia</subfield>
  </datafield>
  <datafield tag="338" ind1=" " ind2=" ">
   <subfield code="a">Band</subfield>
   <subfield code="b">nc</subfield>
   <subfield code="2">rdacarrier</subfield>
  </datafield>
  <datafield tag="490" ind1="1" ind2=" ">
   <subfield code="a">Hamburger Forschungen zur Kunstgeschichte</subfield>
   <subfield code="v">1</subfield>
  </datafield>
  <datafield tag="500" ind1=" " ind2=" ">
   <subfield code="a">Literaturangaben</subfield>
  </datafield>
  <datafield tag="500" ind1=" " ind2=" ">
   <subfield code="a">Die Beiträge gehen auf eine Tagung zurück, die im März 2000 unter dem Titel &quot;Material in Kunst und Alltag&quot; am Kunstgeschichtlichen Seminar der Universität Hamburg stattfand</subfield>
  </datafield>
  <datafield tag="583" ind1="1" ind2=" ">
   <subfield code="a">Archivierung/Langzeitarchivierung gewährleistet</subfield>
   <subfield code="f">SSG</subfield>
   <subfield code="x">XA-DE-BW</subfield>
   <subfield code="2">pdager</subfield>
   <subfield code="5">DE-16</subfield>
  </datafield>
  <datafield tag="655" ind1=" " ind2="7">
   <subfield code="a">Konferenzschrift</subfield>
   <subfield code="y">2000</subfield>
   <subfield code="z">Hamburg</subfield>
   <subfield code="0">(DE-588)1071861417</subfield>
   <subfield code="0">(DE-627)826484824</subfield>
   <subfield code="0">(DE-576)433375485</subfield>
   <subfield code="2">gnd-content</subfield>
  </datafield>
  <datafield tag="689" ind1="0" ind2="0">
   <subfield code="d">s</subfield>
   <subfield code="0">(DE-588)4304079-2</subfield>
   <subfield code="0">(DE-627)121632881</subfield>
   <subfield code="0">(DE-576)211064475</subfield>
   <subfield code="a">Künstlerisches Material</subfield>
   <subfield code="2">gnd</subfield>
  </datafield>
  <datafield tag="689" ind1="0" ind2="1">
   <subfield code="d">s</subfield>
   <subfield code="0">(DE-588)4114333-4</subfield>
   <subfield code="0">(DE-627)105822957</subfield>
   <subfield code="0">(DE-576)209483733</subfield>
   <subfield code="a">Kunst</subfield>
   <subfield code="2">gnd</subfield>
  </datafield>
  <datafield tag="689" ind1="0" ind2="2">
   <subfield code="d">s</subfield>
   <subfield code="0">(DE-588)4001307-8</subfield>
   <subfield code="0">(DE-627)106397591</subfield>
   <subfield code="0">(DE-576)20884225X</subfield>
   <subfield code="a">Alltag</subfield>
   <subfield code="2">gnd</subfield>
  </datafield>
  <datafield tag="689" ind1="0" ind2="3">
   <subfield code="a">z</subfield>
   <subfield code="2">gnd</subfield>
   <subfield code="a">Geschichte</subfield>
  </datafield>
  <datafield tag="689" ind1="0" ind2=" ">
   <subfield code="5">DE-101</subfield>
  </datafield>
  <datafield tag="700" ind1="1" ind2=" ">
   <subfield code="a">Wagner, Monika</subfield>
   <subfield code="d">1944-</subfield>
   <subfield code="e">Hrsg.</subfield>
   <subfield code="0">(DE-588)124026451</subfield>
   <subfield code="0">(DE-627)085590320</subfield>
   <subfield code="0">(DE-576)302556230</subfield>
   <subfield code="4">edt</subfield>
  </datafield>
  <datafield tag="700" ind1="1" ind2=" ">
   <subfield code="a">Rübel, Dietmar</subfield>
   <subfield code="d">19XX-</subfield>
   <subfield code="0">(DE-588)136851487</subfield>
   <subfield code="0">(DE-627)58781375X</subfield>
   <subfield code="0">(DE-576)18947551X</subfield>
   <subfield code="4">oth</subfield>
  </datafield>
  <datafield tag="710" ind1="2" ind2=" ">
   <subfield code="a">Universität Hamburg</subfield>
   <subfield code="b">Kunstgeschichtliches Seminar</subfield>
   <subfield code="0">(DE-588)2117211-0</subfield>
   <subfield code="0">(DE-627)101522177</subfield>
   <subfield code="0">(DE-576)19378291X</subfield>
   <subfield code="4">oth</subfield>
  </datafield>
  <datafield tag="787" ind1="0" ind2="8">
   <subfield code="i">Rezensiert in</subfield>
   <subfield code="a">Voigt, Kirsten Claudia, 1964 - </subfield>
   <subfield code="t">[Rezension von: Monika Wagner, Das Material der Kunst - Monika Wagner und Dietmar Rübel (Hrsg.), Material in Kunst und Alltag]</subfield>
   <subfield code="d">Regensburg : Schnell und Steiner, 2003</subfield>
   <subfield code="w">(DE-627)1553368037</subfield>
   <subfield code="w">(DE-576)483368032</subfield>
  </datafield>
  <datafield tag="830" ind1=" " ind2="0">
   <subfield code="a">Hamburger Forschungen zur Kunstgeschichte</subfield>
   <subfield code="v">1</subfield>
   <subfield code="9">1</subfield>
   <subfield code="w">(DE-627)50130925X</subfield>
   <subfield code="w">(DE-576)099808455</subfield>
   <subfield code="w">(DE-600)2206882-X</subfield>
   <subfield code="x">2192-3337</subfield>
   <subfield code="7">ns</subfield>
  </datafield>
  <datafield tag="856" ind1="4" ind2="2">
   <subfield code="u">https://swbplus.bsz-bw.de/bsz09847667xinh.htm</subfield>
   <subfield code="m">B:DE-576;DE-16</subfield>
   <subfield code="q">application/pdf</subfield>
   <subfield code="v">20090429103502</subfield>
   <subfield code="x">Verlag</subfield>
   <subfield code="3">Inhaltsverzeichnis</subfield>
  </datafield>
  <datafield tag="935" ind1=" " ind2=" ">
   <subfield code="a">BGTS</subfield>
  </datafield>
  <datafield tag="935" ind1=" " ind2=" ">
   <subfield code="i">Blocktest</subfield>
  </datafield>
  <datafield tag="936" ind1="r" ind2="v">
   <subfield code="a">LH 64900</subfield>
   <subfield code="b">20. Jahrhundert</subfield>
   <subfield code="k">Kunstgeschichte</subfield>
   <subfield code="k">Allgemeines. Allgemeine Kunstgeschichte</subfield>
   <subfield code="k">Allgemeine Kunstgeschichte: Quellen</subfield>
   <subfield code="k">Quellenschriften zur gesamten Kunstgeschichte</subfield>
   <subfield code="k">Gesammelte Aufsätze mehrerer Künstler bzw. Kunstschriftsteller des 19., 20. und 21. Jahrhunderts</subfield>
   <subfield code="k">20. Jahrhundert</subfield>
   <subfield code="0">(DE-627)1270637940</subfield>
   <subfield code="0">(DE-625)rvk/94513:</subfield>
   <subfield code="0">(DE-576)200637940</subfield>
  </datafield>
  <datafield tag="936" ind1="r" ind2="v">
   <subfield code="a">LH 65020</subfield>
   <subfield code="b">Gesamtdarstellungen mit Beschränkung auf ein bestimmtes Thema (z.B. Figurdarstellung, soweit verschiedene Kunstgattungen übergreifend)</subfield>
   <subfield code="k">Kunstgeschichte</subfield>
   <subfield code="k">Allgemeines. Allgemeine Kunstgeschichte</subfield>
   <subfield code="k">Allgemeine Kunstgeschichte: Darstellungen</subfield>
   <subfield code="k">Gesamtdarstellungen</subfield>
   <subfield code="k">Gesamtdarstellungen mit Beschränkung auf ein bestimmtes Thema (z.B. Figurdarstellung, soweit verschiedene Kunstgattungen übergreifend)</subfield>
   <subfield code="0">(DE-627)1270638343</subfield>
   <subfield code="0">(DE-625)rvk/94519:</subfield>
   <subfield code="0">(DE-576)200638343</subfield>
  </datafield>
  <datafield tag="936" ind1="r" ind2="v">
   <subfield code="a">LH 61340</subfield>
   <subfield code="b">Gestaltungslehre</subfield>
   <subfield code="k">Kunstgeschichte</subfield>
   <subfield code="k">Allgemeines. Allgemeine Kunstgeschichte</subfield>
   <subfield code="k">Theorie und Praxis der Bildenden Kunst</subfield>
   <subfield code="k">Praxis der Bildenden Kunst</subfield>
   <subfield code="k">Gestaltungslehre</subfield>
   <subfield code="0">(DE-627)1271071959</subfield>
   <subfield code="0">(DE-625)rvk/94227:</subfield>
   <subfield code="0">(DE-576)201071959</subfield>
  </datafield>
  <datafield tag="936" ind1="b" ind2="k">
   <subfield code="a">20.03</subfield>
   <subfield code="j">Methoden und Techniken der Kunstwissenschaften</subfield>
   <subfield code="0">(DE-627)10640637X</subfield>
  </datafield>
  <datafield tag="936" ind1="b" ind2="k">
   <subfield code="a">20.06</subfield>
   <subfield code="j">Kunstphilosophie</subfield>
   <subfield code="j">Kunsttheorie</subfield>
   <subfield code="0">(DE-627)10641433X</subfield>
  </datafield>
  <datafield tag="951" ind1=" " ind2=" ">
   <subfield code="a">BO</subfield>
  </datafield>
  <datafield tag="990" ind1=" " ind2=" ">
   <subfield code="a">Künstlerisches Material</subfield>
  </datafield>
  <datafield tag="990" ind1=" " ind2=" ">
   <subfield code="a">Kunst</subfield>
  </datafield>
  <datafield tag="990" ind1=" " ind2=" ">
   <subfield code="a">Alltag</subfield>
  </datafield>
  <datafield tag="990" ind1=" " ind2=" ">
   <subfield code="a">Geschichte</subfield>
  </datafield>
  <datafield tag="991" ind1=" " ind2=" ">
   <subfield code="a">Rezensiertes Werk</subfield>
  </datafield>
  <datafield tag="999" ind1=" " ind2=" ">
   <subfield code="a">KXP-PPN34815335X</subfield>
   <subfield code="e">4129210696</subfield>
  </datafield>
 </record>
</collection>
